La cultura popular /

Guardado en:
Detalles Bibliográficos
Otros autores: Stavenhagen, Rodolfo (autor) (autor)
Formato: Libro
Idioma:Español
Publicado: México : Premiá, 1983
Colección:(La Red de Jonás Ensayo. Sección Cultura Popular ; 1)
Temas:
Etiquetas: Agrega una etiqueta
Sin etiquetas, Sé el primero en etiquetar este registro!

MARC

LEADER 00000nam^a2200000^a^4500
001 000017216
005 20250521000000.0
009 20260310084131.187
037 |a Acervo ITESO - Biblioteca 
041 |a ESP 
082 |a 306. 1  |b STA 
245 0 3 |a La cultura popular /  |c R. Stavenhagen... [et al.]. 
264 1 |a México :  |b Premiá,  |c 1983 
300 |a 145 p. 
336 |a texto  |b txt  |2 rdacontenido 
337 |a sin mediación  |b n  |2 rdamedio 
338 |a volumen  |b nc  |2 rdasoporte 
440 4 |a (La Red de Jonás Ensayo.  |p Sección Cultura Popular ;  |v 1) 
649 |a XX 
650 |a Cultura Popular -  |z Latinoamérica 
650 |a Sociología 
700 |a Stavenhagen, Rodolfo  |e (autor) 
910 |a Fondo General 
920 |a Impresos - Libros 
930 |a Colección General 
905 |a 101 
901 |a 0172160100  |b IT1  |c ACC  |i 017216  |u 20250521 
902 |a https://opac.biblio.iteso.mx/vufind/Record/000017216